Patrimonio cultural de la humanidad: responsabilidad común

Sábháilte in:
Sonraí bibleagrafaíochta
Údar corparáideach: UNESCO. División Patrimonio Cultural
Formáid: Téacs
Foilsithe / Cruthaithe: París: La Organzación
Clibeanna: Cuir clib leis
Níl clibeanna ann, Bí ar an gcéad duine le clib a chur leis an taifead seo!

MARC

LEADER 00000 a a2200000 04500
001 14241
003
040
090 |a 021900  
110 |a UNESCO. División Patrimonio Cultural  
245 |a Patrimonio cultural de la humanidad: responsabilidad común  
260 |a París:   |b La Organzación  
300 |a 94 p.  
999 |c 13296  |d 13296